000 00675nam a22002297a 4500
005 20160613112954.0
010 _aENG-115251
020 _a9789352602087
_c999.00
020 _a9352602080
_c999.00
035 _aEN-98783
037 _bDBAD/PUB
082 _a550
245 _aExploring geology /
_cby Stephen J. Reynolds...[et al]
250 _a4th ed
260 _aNew Dellhi
_bMcGraw Hill Education
_c2016
270 _aP-25,Green Park Extension
_bNew Delhi
_e110016
300 _avarious pagings :
_bill .
_c28cm(pbk)
500 _aIncludes index
650 _aGeology
_vTextbooks
700 _aReynold Stephen J.
942 _2ddc
_cEN
_mEXP
_h550
999 _c100253
_d100253